Zmeny zvuku kašľa pacientov s chronickou bronchitídou

Bibliographic Details
Main Authors: Sadloňová, Jurina, 1953- (Author), Salát, Dušan, 1947-2016 (Author), Salátová, Viera (Author)
Format: Article
Language:Slovak
PhysicalDescription:Obr. 3. Tb. 1. Res. rus., angl., nem., lit. 15 zázn. v slov., češ., angl., nem.
Subjects:

MARC

LEADER 00000nab a2200000 a 4500
001 vtls000251011
003 SK-MaSNL
005 20260304063933.0
008 250422c1986 xo 0 slo
015 |a SNBRB19rr/mm-uuuuu 
035 |a CL0261125 
035 |a urn:nbn:sk:snk-ab6kd 
035 |a (urnnbn)urn:nbn:sk:snk:ar-a03ec0 
035 |a (uuid)1b53dd6c-2443-45f1-8bb1-82c42a24716f 
040 |a SNKBUCL  |b slo  |c SNKBUCL  |e AACR2 
041 0 |a slo 
044 |a xo  |c SK 
080 |a 616.233-002  |2 1981 
080 |a 616.24-008.4-072  |2 1981 
080 |a 615.233  |2 1981 
100 1 |a Sadloňová, Jurina,  |d 1953-  |4 aut  |9 201273 
245 1 0 |a Zmeny zvuku kašľa pacientov s chronickou bronchitídou  |c Jurina Sadloňová, Dušan Salát, Viera Salátová 
300 |b Obr. 3. Tb. 1. Res. rus., angl., nem., lit. 15 zázn. v slov., češ., angl., nem. 
650 0 7 |a bronchitída chronická  |2 snkbucl  |9 926351 
650 0 7 |a kašeľ  |2 snkbucl  |9 15309 
655 7 |a články z novín a časopisov  |2 snkbucl  |9 267496 
700 1 |a Salát, Dušan,  |d 1947-2016  |4 aut  |9 209695 
700 1 |a Salátová, Viera  |4 aut  |9 8730 
773 0 |t Bratislavské lekárske listy  |g Roč. 85, č. 4 (1986), s. 458-465 
850 |a Slovenská národná knižnica 
852 |a Slovenská národná knižnica 
954 |a odborná, vedecká literatúra pôvodná (slovenská)  |2 lita 
958 |a article27 
958 |a NB 
958 |a RK 
958 |a MI 
958 |a OND 
958 |a EUIPO 
992 |a RBX 
999 |c 2744585  |d 2746515